000
00294nam a2200121Ia 4500
005
20251222144720.0
008
251222s9999||||xx |||||||||||||| ||spa||
082
_a
610/C34
100
_a
Castillo RĂos, Carlos
245
0
_a
Medicina y Capitalismo
264
_b
Realidad Nacional
942
_c
LIB
999
_c
18176
_d
18176